La teoria del crecimiento/ (Registro nro. 7921)

Detalles MARC
000 -LEADER
fixed length control field 00854nam a2200205Ia 4500
005 - FECHA Y HORA DE LA ÚLTIMA TRANSACCIÓN
control field 20241022183515.0
008 - FIXED-LENGTH DATA ELEMENTS--GENERAL INFORMATION
fixed length control field 230420s9999 xx 000 0 und d
020 ## - INTERNATIONAL STANDARD BOOK NUMBER
International Standard Book Number 9681610547
040 ## - CATALOGING SOURCE
Original cataloging agency UPAN
Transcribing agency Biblioteca San Vicente
Description conventions RCAA2
041 ## - LANGUAGE CODE
Language code of text/sound track or separate title spa
082 ## - DEWEY DECIMAL CLASSIFICATION NUMBER
Classification number 339.5
Item number S656t
año de publicación 1976
100 ## - MAIN ENTRY--PERSONAL NAME
Personal name Solow, R.M
Relator code aut.
245 #0 - TITLE STATEMENT
Title La teoria del crecimiento/
Remainder of title R.M. Solow
250 ## - EDITION STATEMENT
Edition statement 1° ed, 1° reimp.
260 ## - PUBLICATION, DISTRIBUTION, ETC. (IMPRINT)
Place of publication, distribution, etc Mexico:
Name of publisher, distributor, etc Fondo de cultura economica,
Date of publication, distribution, etc 1976
300 ## - PHYSICAL DESCRIPTION
Extent 116 p.:
Dimensions 21 cm.
505 ## - FORMATTED CONTENTS NOTE
Formatted contents note Prefacio<br/>I. Caracterìsticas de los Estados estables<br/>II. Razòn capital/Producto variable<br/>III. Un modelo sin sustituciòn directa<br/>IV. Un modelo con dos activos<br/>V. La polìtica econòmica en un modelo de crecimiento<br/>VI. Algunos aspectos de polìtica econòmica <br/>Conclusiòn<br/>Bibliografìa
650 ## - SUBJECT ADDED ENTRY--TOPICAL TERM
Source of heading or term LEMB
Topical term or geographic name as entry element Crecimiento
942 ## - ADDED ENTRY ELEMENTS (KOHA)
Koha item type Libros
Source of classification or shelving scheme Dewey Decimal Classification
Existencias
Withdrawn status Lost status Source of classification or shelving scheme Damaged status Not for loan Collection code Home library Current library Date acquired Total Checkouts Full call number Barcode Date last seen Price effective from Koha item type
    Dewey Decimal Classification     Colección General Biblioteca UPAN San Vicente Biblioteca UPAN San Vicente 20/04/2023   339.5 S656t 12000466 20/04/2023 20/04/2023 Libros